Ejércitos para preservar la paz y la democracia /

Guardat en:
Dades bibliogràfiques
Autor principal: Chamorro, Pedro Joaquín
Format: Text
Etiquetes: Afegir etiqueta
Sense etiquetes, Sigues el primer a etiquetar aquest registre!

MARC

LEADER 00000 a a2200000 04500
001 4989
003
040
100 |a Chamorro, Pedro Joaquín  
245 |a Ejércitos para preservar la paz y la democracia /  |c Pedro Joaquín Chamorro 
773 |g número 38; páginas 2  
999 |c 28855  |d 28855